Educación física, deporte y currículum : investigación y desarrollo curricular /

Guardado en:
Autor Principal: Devíis, José Devís
Formato: Libro
Publicado: Madrid : Visor, 1996
Series:Aprendizaje
Materias:
Etiquetas: Agregar Etiqueta
Sin Etiquetas, Sea el primero en etiquetar este registro!
LEADER 01297nam a22002175a 4500
001 CEM.cems009876
005 20080710083728.0
008 130507s1996##################000#0#####d
003 CEMS
020 |a 8477741239 
082 0 4 |a 371.73 
100 1 |a Devíis, José Devís 
245 1 0 |a Educación física, deporte y currículum :  |b investigación y desarrollo curricular /  |c José Devís Devís 
260 |a Madrid :  |b Visor,  |c 1996 
300 |a 227 p. 
490 0 |a Aprendizaje 
500 |a Red Federal de Formación Docente Continua 
505 0 |a La educación física y el deporte en la escuela -- Un enfoque curricular para la enseñanza de los juegos deportivos -- La investigación colaborativa en la enseñanza de la educación física -- Investigación colaborativa y desarrollo del curriculum: problema, propositos y metodología -- Investigación colaborativa y desarrollo del curriculum: credibilidad, análisis y proceso -- El desarrollo curricular del enfoque: principios, organización y estilos -- El desarrollo curricular del enfoque: perspectivas, conocimiento y reflexión -- El poder del contexto: facilitadores, inhibidores y desarrollo profesional 
653 |a Educación 
653 |a Educación física-didáctica 
859 |a CEMS  |b BIB. CEMS - 11 de abril  |h 371.73  |i D497  |p 20212.99  |t Ej.1